00676nam a22001817i 450000100100000000500170001000800410002701000130006802000150008104000230009605000210011910000280014024501190016825000110028726000940029830000590039244000430045100001154820200929162503.0790227|1974 ||| 000 0 spa  a79102756 a8450006562 aDO-SdBNPcDLCdDLC00aMLCM 83/8720 (S)2 aAlfaro Moreno, Agustin.10aPlaguicidas agricolas y su aplicacion /cpor Agustin Alfaro Moreno ; con la colaboracion de Agustin Alfaro Garcia. a4. ed. aMadrid : Instituto Nacional de Investigaciones Agrarias, Ministerio de Agricultura, 1974. axv, 594 p., [2] fold. leaves of plates : ill. ; 25 cm. 0aColeccion monografias I.N.I.A. ; no. 6